000 00600nam a2200181Ia 4500
003 GCL
008 140319s9999 xx 000 0 ara d
040 _aGCL /
_cGCL
082 0 4 _a812.9
_bهـ ع
100 1 _aهشام السلامونى
245 1 0 _aالعدو فى غرف النوم , مسروقات /
_cهشام السلامونى
260 _a[S.N] :
_bالهيئة المصرية العامة للكتاب ،
_c1995
300 _a142 ص
490 _aالمسرح العربى
_v0
650 0 4 _aالمسرح العربى
650 0 4 _aالمسرحيات العربية
942 _2ddc
_cBK
999 _c37097
_d37097